Nomi degli Animali (con foto) - modo casuale - Statistics

Statistiche generali
  • Questo quiz è stato fatto 133 volte
    132 dall'ultimo reset
  • Il punteggio medio è 15 su 24
Statistiche sulle risposte
con Immagini Hint Risposta % Corretto
Aragosta
100%
Cane Cane da pastore
100%
uccello Cigno
100%
Coccinella
100%
Cucciolo Gattino
100%
Medusa
100%
pesce Pesce palla
100%
Renna
100%
Stella Marina
100%
tricheco
100%
Zanzara
100%
Cavalluccio marino
94%
uccello Gabbiano
94%
Orso polare
94%
Tarantola
94%
Cane Bassotto
93%
Alce
92%
Cinghiale
92%
Granchio
92%
Millepiedi
92%
Riccio di mare
92%
Rospo
92%
pesce Squalo martello
92%
Lontra
91%
Polpo
91%
uccello Pavone
90%
uccello Picchio
90%
Armadillo
89%
anche:porcospino Istrice
89%
pesce Murena
89%
Serpente a sonagli
89%
Capibara
88%
Formichiere
88%
pesce Pesce sega
88%
Riccio
88%
Cucciolo Vitello
88%
Facocero
86%
Gambero
86%
Talpa
86%
Bruco
85%
Lepre
85%
Puzzola
85%
Criceto
83%
uccello Pettirosso
83%
Camaleonte
82%
uccello Canarino
82%
Libellula
82%
pesce Luccio
82%
Bradipo
81%
Iguana
81%
uccello Avvoltoio
80%
Calabrone
80%
Castoro
80%
Cucciolo Cerbiatto
80%
Falena
80%
Cucciolo Pulcino
80%
Squalo bianco
80%
Cucciolo Puledro
79%
Cucciolo Anatroccolo
78%
Babbuino
78%
cane Carlino
78%
Ratto
78%
Maschio Stallone
78%
uccello Civetta
77%
uccello Fagiano
77%
Mantide religiosa
77%
Pulce
77%
Cucciolo Agnello
75%
Cane Barboncino
75%
Ermellino
75%
Girino
75%
Marmotta
75%
Porcellino d'India
75%
uccello Airone
73%
uccello Gazza
73%
Lombrico
73%
Ornitorinco
73%
Scarabeo
73%
Stambecco
73%
Toporagno
72%
pesce Anguilla
71%
pesce Pesce rosso
71%
Cavalletta
70%
Orso bruno
70%
pesce Razza
70%
Vedova nera
70%
uccello Cicogna
69%
Tasso
69%
cane Alano
67%
Balenottera azzurra
67%
uccello Barbagianni
67%
Cobra reale
67%
Corallo
67%
Iena
67%
uccello Merlo
67%
pesce Sgombro
67%
uccello Martin pescatore
64%
Maschio Montone
64%
Narvalo
64%
Pitone
63%
Capodoglio
62%
uccello Passero
62%
Lucertola
61%
pesce pesce pagliaccio
60%
scarafaggio
60%
Daino
58%
Donnola
57%
uccello Falco
57%
Suricato
56%
Furetto
54%
Varano
52%
uccello Aquila reale
50%
Cucciolo Capretto
50%
Elefante marino
50%
scimmia Gibbone
50%
Gnu
50%
Lamantino
50%
uccello Rondine
50%
pesce Squalo balena
50%
Faina
47%
Mandrillo
47%
cane Barbone
43%
Grillo
43%
Ghiro
42%
Zecca
41%
uccello Fratercula
40%
Varano di Komodo
40%
Camoscio
38%
uccello Casuario
38%
Cervo nobile
38%
Martora
38%
Cucciolo Porcellino
38%
Capriolo
36%
Cervo volante
36%
Cimice
36%
Pangolino
36%
Salamandra pezzata
35%
uccello Astore
33%
uccello Cuculo
33%
Sciacallo
33%
uccello Albatro
31%
non l'animale stesso Bozzolo
31%
Cucciolo Cagnolino
31%
Fossa
31%
Ghiottone
29%
uccello Aquila calva
27%
uccello Marabù
27%
uccello Poiana
25%
uccello Usignolo
25%
Oritteropo
23%
uccello Nibbio reale
21%
Megatterra
20%
Tafano
20%
uccello Tordo
20%
Pastinaca
18%
uccello Beccaccia
17%
Pidocchio
17%
scimmia Scimmia ragno
14%
uccello Fringuello
10%
pesce Merluzzo
10%
Volpe polare
10%
Gerboa
8%
Irace
7%
nome specifico rana freccia velenosa
7%
Visone
6%
Efemerotteri
0%
uccello Sparviero
0%
Tignola
0%
Nessun quiz corrispondente trovato
Distribuzione punteggi
Percentuale di utenti per punteggio
Percentile per numero di risposta
I tuoi punteggi nel tempo
Non hai fatto questo quiz dall'ultimo reset